Imbranato - Tiziano Ferro - Testo Completo - Statistics

Statistiche generali
  • Questo quiz è stato fatto 96 volte
  • Il punteggio medio è 174 su 223
Statistiche sulle risposte
Risposta % Corretto
È
98%
è
98%
E
98%
e
98%
un
98%
so
96%
so,
96%
a
94%
imbranato
90%
Ma
90%
ma
90%
o
90%
se
90%
in
88%
per
88%
sono
88%
ti
88%
Ti
88%
Ah,
85%
che
85%
da
85%
non
85%
Non
85%
Oh,
85%
amo,
83%
amo
83%
il
83%
Io
83%
lo
83%
me
83%
tuo
83%
Ci
81%
ci
81%
mi
81%
81%
solo
81%
di
79%
più
79%
poco
79%
poco,
79%
parlo
77%
Parlo
77%
Scusa
77%
scusa
77%
mesi
75%
capriccio
73%
conosciamo
73%
due
73%
guardo
73%
muoio
73%
piano,
73%
piano
73%
sai
73%
scusami
73%
sesso
73%
tremo
73%
tutto
73%
urlo
73%
come
71%
fisso
71%
iniziato
71%
qui
71%
rido,
71%
era
69%
emozionato
67%
emozionato,
67%
dall'imbarazzo
65%
accanto,
63%
averti
63%
sentirmi
63%
soltanto
63%
strano,
60%
all’idea
58%
tempo,
58%
cedo
56%
fidavo,
56%
forse
56%
genere
56%
l'arte
56%
provo
56%
un'attitudine,
56%
insistere
54%
beh,
52%
guido
52%
inutile,
52%
antico,
50%
va
50%
Ciao,
48%
Domanda
46%
insopportabile,
46%
stai?
46%
Divento
42%
l'amore
42%
rende
42%
Sarà
42%
sarà
42%
capito
40%
l'ho
40%
risiamo,
40%
vento,
40%
fuoco
38%
prevedibile
27%
Nessun quiz corrispondente trovato
Distribuzione punteggi
Percentuale di utenti per punteggio
Percentile per numero di risposta
I tuoi punteggi nel tempo
Non hai fatto questo quiz